[Event "ESP-chT Div I 2018"]
[Site "Linares"]
[Date "2018.08.09"]
[Round "4"]
[White "Martin Capitan, Feliciano"]
[Black "Bermudez Revuelta, Paula"]
[Result "1-0"]
[WhiteElo "2066"]
[BlackElo "1887"]
[Annotator "NA"]
[PlyCount "111"]
[EventDate "2018.08.06"]
[EventType "team-tourn"]
[EventCountry "ESP"]
[SourceTitle "playchess.com"]
[Source "ChessBase"]
[SourceQuality "1"]
[TimeControl "40/5400+30:1800+30"]

1. g3 {[%emt 0:00:00]} c5 {[%emt 0:00:00]} 2. Bg2 {[%emt 0:00:10]} g6 {[%emt 0:00:05]} 3. c4 {[%emt 0:00:31]} Bg7 {[%emt 0:00:05]} 4. Nc3 {[%emt 0:00:32]} Nc6 {[%emt 0:00:03]} 5. d3 {[%emt 0:01:50]} d6 {[%emt 0:00:52]} 6. Nf3 {[%emt 0:01:31]} Nf6 {[%emt 0:00:07]} 7. O-O {[%emt 0:01:05]} O-O {[%emt 0:00:23]} 8. Bd2 {[%emt 0:01:26]} d5 {[%emt 0:01:28]} 9. cxd5 {[%emt 0:07:03]} Nxd5 {[%emt 0:00:03]} 10. Nxd5 {[%emt 0:02:34]} Qxd5 {[%emt 0:00:02]} 11. Bc3 {[%emt 0:00:26]} Rb8 {[%emt 0:03:28]} 12. Ne5 {[%emt 0:06:15]} Qd6 {[%emt 0:02:59]} 13. Nxc6 {[%emt 0:00:39]} bxc6 {[%emt 0:01:44]} 14. Bxg7 {[%emt 0:00:58]} Kxg7 {[%emt 0:00:08]} 15. Qc2 {[%emt 0:04:06]} Bf5 {[%emt 0:10:59]} 16. b3 {[%emt 0:03:49]} Rfc8 {[%emt 0:07:07]} 17. Rfc1 {[%emt 0:02:14]} Rb5 {[%emt 0:05:11]} 18. Qc3+ {[%emt 0:03:08]} Kg8 {[%emt 0:02:55]} 19. h4 {[%emt 0:03:31]} Qe6 {[%emt 0:04:38]} 20. Bf3 {[%emt 0:05:47]} Bg4 {[%emt 0:05:07]} 21. Bxg4 {[%emt 0:01:43]} Qxg4 {[%emt 0:00:03]} 22. Rc2 {[%emt 0:00:22]} Qf5 {[%emt 0:08:05]} 23. Rac1 {[%emt 0:01:38]} h5 {[%emt 0:04:59]} 24. Qd2 {[%emt 0:01:52]} Qe5 {[%emt 0:02:03]} 25. Rc4 {[%emt 0:01:59]} a5 {[%emt 0:05:02]} 26. Re4 {[%emt 0:02:37]} Qf6 {[%emt 0:05:41]} 27. Qc3 {[%emt 0:01:57]} Qd6 {[%emt 0:04:40]} 28. Qe5 {[%emt 0:04:31]} Qxe5 {[%emt 0:02:06]} 29. Rxe5 {[%emt 0:00:11]} c4 {[%emt 0:00:49]} 30. Rxb5 {[%emt 0:02:12]} cxb5 {[%emt 0:00:01]} 31. dxc4 {[%emt 0:00:51]} Kf8 {[%emt 0:03:37]} 32. Kf1 {[%emt 0:00:54]} e5 {[%emt 0:00:37]} 33. Ke1 {[%emt 0:00:36]} Ke7 {[%emt 0:00:11]} 34. Kd2 {[%emt 0:01:17]} b4 {[%emt 0:00:38]} 35. Kc2 {[%emt 0:02:27]} a4 {[%emt 0:01:01]} 36. Rd1 {[%emt 0:01:02]} Rc5 {[%emt 0:01:19]} 37. e4 {[%emt 0:01:28]} a3 {[%emt 0:01:56]} 38. Rd5 {[%emt 0:01:59]} Rxd5 {[%emt 0:00:04]} 39. cxd5 {[%emt 0:02:26]} f5 {[%emt 0:00:53]} 40. f3 {[%emt 0:00:53]} Kd6 {[%emt 0:01:05]} 41. Kd3 {[%emt 0:30:46]} Kc5 {[%emt 0:30:59]} 42. Ke3 {[%emt 0:01:33]} Kd6 {[%emt 0:01:11]} 43. f4 {[%emt 0:00:36]} exf4+ {[%emt 0:01:54]} 44. Kxf4 {[%emt 0:00:41]} Kc5 {[%emt 0:00:43]} 45. exf5 {[%emt 0:01:09]} gxf5 {[%emt 0:00:15]} 46. Ke5 {[%emt 0:00:24]} Kb6 {[%emt 0:00:51]} 47. Kxf5 {[%emt 0:00:09]} Kc5 {[%emt 0:00:16]} 48. Ke5 {[%emt 0:00:06]} Kb6 {[%emt 0:00:19]} 49. Ke6 {[%emt 0:00:19]} Kc5 {[%emt 0:00:09]} 50. d6 {[%emt 0:00:24]} Kd4 {[%emt 0:00:03]} 51. d7 {[%emt 0:00:13]} Kc3 {[%emt 0:00:03]} 52. d8=Q {[%emt 0:00:12]} Kb2 {[%emt 0:00:08]} 53. Qd2+ {[%emt 0:00:24]} Kb1 {[%emt 0:00:11]} 54. Kd5 {[%emt 0:00:30]} Ka1 {[%emt 0:00:11]} 55. Kc4 {[%emt 0:00:07]} Kb1 {[%emt 0:00:02]} 56. Kxb4 {[%emt 0:00:09]} 1-0

[Event "ESP-chT Div I 2018"]
[Site "Linares"]
[Date "2018.08.09"]
[Round "4"]
[White "Rodrigo Yanguas, Maria"]
[Black "Argandona Riveiro, Inigo"]
[Result "0-1"]
[WhiteElo "2062"]
[BlackElo "2415"]
[Annotator "NA"]
[PlyCount "72"]
[EventDate "2018.08.06"]
[EventType "team-tourn"]
[EventCountry "ESP"]
[SourceTitle "playchess.com"]
[Source "ChessBase"]
[SourceQuality "1"]
[TimeControl "40/5400+30:1800+30"]

1. e4 {[%emt 0:00:00]} c5 {[%emt 0:00:00]} 2. c3 {[%emt 0:00:15]} d6 {[%emt 0:00:10]} 3. d4 {[%emt 0:00:13]} Nf6 {[%emt 0:00:13]} 4. Bd3 {[%emt 0:03:54]} Nbd7 {[%emt 0:01:05]} 5. Nf3 {[%emt 0:04:42]} Qc7 {[%emt 0:04:47]} 6. O-O {[%emt 0:00:59]} a6 {[%emt 0:04:34]} 7. Re1 {[%emt 0:03:31]} c4 {[%emt 0:03:51]} 8. Bc2 {[%emt 0:02:27]} e5 {[%emt 0:00:29]} 9. a4 {[%emt 0:00:57]} Be7 {[%emt 0:06:44]} 10. Qe2 {[%emt 0:06:21]} Rb8 {[%emt 0:00:10]} 11. b3 {[%emt 0:06:50]} cxb3 {[%emt 0:02:07]} 12. Bxb3 {[%emt 0:00:09]} O-O {[%emt 0:00:11]} 13. Nh4 {[%emt 0:03:02]} Nb6 {[%emt 0:09:18]} 14. a5 {[%emt 0:00:57]} Na8 {[%emt 0:07:59]} 15. Nf5 {[%emt 0:03:38]} Bxf5 {[%emt 0:02:45]} 16. exf5 {[%emt 0:00:27]} b5 {[%emt 0:07:35]} 17. g4 {[%emt 0:01:00]} h6 {[%emt 0:20:27]} 18. h4 {[%emt 0:00:13]} Qd7 {[%emt 0:12:57]} 19. Nd2 {[%emt 0:18:01]} exd4 {[%emt 0:02:37]} 20. g5 {[%emt 0:09:01]} dxc3 {[%emt 0:01:27]} 21. Nf3 {[%emt 0:00:46]} Qxf5 {[%emt 0:04:17]} 22. gxf6 {[%emt 0:03:05]} Qg4+ {[%emt 0:00:14]} 23. Kh1 {[%emt 0:02:44]} Bxf6 {[%emt 0:00:18]} 24. Be3 {[%emt 0:07:19]} Rbe8 {[%emt 0:00:54]} 25. Rad1 {[%emt 0:01:12]} Qh3+ {[%emt 0:00:52]} 26. Nh2 {[%emt 0:04:37]} Be5 {[%emt 0:00:16]} 27. f4 {[%emt 0:03:33]} Bxf4 {[%emt 0:00:02]} 28. Rd3 {[%emt 0:00:38]} Qxh4 {[%emt 0:00:08]} 29. Rxc3 {[%emt 0:00:58]} Bxh2 {[%emt 0:00:09]} 30. Kg2 {[%emt 0:09:16]} Be5 {[%emt 0:00:48]} 31. Rcc1 {[%emt 0:00:44]} Qg3+ {[%emt 0:02:26]} 32. Kh1 {[%emt 0:01:09]} Qh3+ {[%emt 0:00:51]} 33. Kg1 {[%emt 0:00:05]} Bd4 {[%emt 0:00:19]} 34. Bxd4 {[%emt 0:01:20]} Rxe2 {[%emt 0:00:06]} 35. Rxe2 {[%emt 0:00:05]} Qg4+ {[%emt 0:00:42]} 36. Kf1 {[%emt 0:02:08]} Qxd4 {[%emt 0:00:14]} 0-1

[Event "ESP-chT Div I 2018"]
[Site "Linares"]
[Date "2018.08.09"]
[Round "4"]
[White "Vergara Anton, Diego"]
[Black "Bergez, Luc"]
[Result "0-1"]
[WhiteElo "2022"]
[BlackElo "2327"]
[Annotator "NA"]
[PlyCount "124"]
[EventDate "2018.08.06"]
[EventType "team-tourn"]
[EventCountry "ESP"]
[SourceTitle "playchess.com"]
[Source "ChessBase"]
[SourceQuality "1"]
[TimeControl "40/5400+30:1800+30"]

1. d4 {[%emt 0:00:00]} c5 {[%emt 0:00:00]} 2. dxc5 {[%emt 0:00:30]} Qa5+ {[%emt 0:07:04]} 3. c3 {[%emt 0:07:15]} Qxc5 {[%emt 0:00:12]} 4. e4 {[%emt 0:00:13]} Nf6 {[%emt 0:02:41]} 5. Bd3 {[%emt 0:01:22]} g6 {[%emt 0:03:40]} 6. Be3 {[%emt 0:00:34]} Qc7 {[%emt 0:01:17]} 7. Na3 {[%emt 0:01:59]} Nc6 {[%emt 0:00:23]} 8. h3 {[%emt 0:15:46]} d5 {[%emt 0:03:46]} 9. exd5 {[%emt 0:18:14]} Nxd5 {[%emt 0:02:49]} 10. Qd2 {[%emt 0:03:48]} Nxe3 {[%emt 0:00:17]} 11. Qxe3 {[%emt 0:00:12]} Bg7 {[%emt 0:01:11]} 12. Nb5 {[%emt 0:00:30]} Qb8 {[%emt 0:00:39]} 13. Nf3 {[%emt 0:02:20]} O-O {[%emt 0:03:28]} 14. O-O {[%emt 0:00:38]} e5 {[%emt 0:03:35]} 15. Rad1 {[%emt 0:05:58]} Be6 {[%emt 0:06:59]} 16. Bb1 {[%emt 0:01:46]} Bc4 {[%emt 0:03:41]} 17. Bd3 {[%emt 0:01:00]} Be6 {[%emt 0:09:01]} 18. Bb1 {[%emt 0:00:17]} Rd8 {[%emt 0:03:50]} 19. Rxd8+ {[%emt 0:01:11]} Qxd8 {[%emt 0:00:09]} 20. Qe2 {[%emt 0:05:15]} Qe7 {[%emt 0:04:43]} 21. Rd1 {[%emt 0:03:57]} f5 {[%emt 0:01:57]} 22. Bc2 {[%emt 0:06:25]} a6 {[%emt 0:02:38]} 23. Na3 {[%emt 0:00:24]} Bxa2 {[%emt 0:05:04]} 24. Nd2 {[%emt 0:05:39]} Be6 {[%emt 0:07:29]} 25. Bb3 {[%emt 0:00:33]} b5 {[%emt 0:01:04]} 26. Nc2 {[%emt 0:03:06]} Rd8 {[%emt 0:08:01]} 27. Bxe6+ {[%emt 0:03:00]} Qxe6 {[%emt 0:00:02]} 28. Nf3 {[%emt 0:01:44]} Rd6 {[%emt 0:03:12]} 29. Rxd6 {[%emt 0:00:49]} Qxd6 {[%emt 0:00:03]} 30. Qd2 {[%emt 0:00:19]} Qxd2 {[%emt 0:00:17]} 31. Nxd2 {[%emt 0:00:04]} Kf7 {[%emt 0:00:31]} 32. Kf1 {[%emt 0:00:47]} Ke6 {[%emt 0:00:20]} 33. Ke2 {[%emt 0:00:06]} Bf8 {[%emt 0:01:54]} 34. g4 {[%emt 0:03:34]} Bc5 {[%emt 0:00:57]} 35. Nf3 {[%emt 0:02:11]} h6 {[%emt 0:03:42]} 36. Nh4 {[%emt 0:02:38]} Ne7 {[%emt 0:01:08]} 37. gxf5+ {[%emt 0:01:26]} gxf5 {[%emt 0:00:40]} 38. Ne1 {[%emt 0:01:48]} Nd5 {[%emt 0:00:41]} 39. Nd3 {[%emt 0:00:18]} Bd6 {[%emt 0:00:37]} 40. Ng2 {[%emt 0:00:39]} e4 {[%emt 0:00:54]} 41. Nde1 {[%emt 0:30:18]} Nb6 {[%emt 0:31:37]} 42. Nc2 {[%emt 0:00:46]} Na4 {[%emt 0:00:42]} 43. Nd4+ {[%emt 0:00:24]} Kf6 {[%emt 0:01:37]} 44. Ne3 {[%emt 0:00:59]} f4 {[%emt 0:00:25]} 45. Ng4+ {[%emt 0:00:25]} Kg6 {[%emt 0:01:20]} 46. Nxh6 {[%emt 0:00:29]} Nxb2 {[%emt 0:00:46]} 47. Ng4 {[%emt 0:00:43]} Nc4 {[%emt 0:01:51]} 48. f3 {[%emt 0:01:01]} Ne5 {[%emt 0:02:36]} 49. fxe4 {[%emt 0:00:28]} Nxg4 {[%emt 0:00:28]} 50. hxg4 {[%emt 0:00:02]} Be5 {[%emt 0:00:14]} 51. Ne6 {[%emt 0:00:36]} a5 {[%emt 0:00:31]} 52. Nd8 {[%emt 0:00:48]} a4 {[%emt 0:00:16]} 53. Nc6 {[%emt 0:00:07]} Bxc3 {[%emt 0:00:21]} 54. Kd3 {[%emt 0:00:11]} f3 {[%emt 0:00:30]} 55. Ne7+ {[%emt 0:00:04]} Kg5 {[%emt 0:00:09]} 56. Nf5 {[%emt 0:00:12]} Be5 {[%emt 0:01:22]} 57. Ne3 {[%emt 0:00:29]} a3 {[%emt 0:00:16]} 58. Nc2 {[%emt 0:00:42]} a2 {[%emt 0:00:07]} 59. Ke3 {[%emt 0:00:03]} Kxg4 {[%emt 0:00:23]} 60. Kf2 {[%emt 0:00:09]} b4 {[%emt 0:00:30]} 61. Ne3+ {[%emt 0:00:10]} Kg5 {[%emt 0:01:14]} 62. Kxf3 {[%emt 0:00:25]} a1=Q {[%emt 0:00:16]} 0-1

[Event "ESP-chT Div I 2018"]
[Site "Linares"]
[Date "2018.08.09"]
[Round "4"]
[White "Gonzalez Guedes, Iyan"]
[Black "Garcia-Castany Musellas, Gal la"]
[Result "0-1"]
[WhiteElo "1925"]
[BlackElo "2203"]
[Annotator "NA"]
[PlyCount "104"]
[EventDate "2018.08.06"]
[EventType "team-tourn"]
[EventCountry "ESP"]
[SourceTitle "playchess.com"]
[Source "ChessBase"]
[SourceQuality "1"]
[TimeControl "40/5400+30:1800+30"]

1. e4 {[%emt 0:00:00]} e5 {[%emt 0:00:00]} 2. Nf3 {[%emt 0:00:00]} Nc6 {[%emt 0:00:00]} 3. Bc4 {[%emt 0:00:00]} Bc5 {[%emt 0:00:00]} 4. O-O {[%emt 0:00:02]} Nf6 {[%emt 0:00:18]} 5. d4 {[%emt 0:00:05]} Bxd4 {[%emt 0:05:49]} 6. Nxd4 {[%emt 0:00:08]} Nxd4 {[%emt 0:02:39]} 7. f4 {[%emt 0:00:05]} d6 {[%emt 0:03:58]} 8. fxe5 {[%emt 0:00:47]} dxe5 {[%emt 0:01:25]} 9. Bg5 {[%emt 0:00:38]} Qe7 {[%emt 0:28:06]} 10. Na3 {[%emt 0:03:05]} Be6 {[%emt 0:20:26]} 11. c3 {[%emt 0:01:24]} Bxc4 {[%emt 0:04:09]} 12. Nxc4 {[%emt 0:00:43]} Qc5 {[%emt 0:03:08]} 13. cxd4 {[%emt 0:01:32]} Qxc4 {[%emt 0:02:00]} 14. Rc1 {[%emt 0:28:23]} Qxa2 {[%emt 0:18:46]} 15. Rxc7 {[%emt 0:04:45]} Qxb2 {[%emt 0:00:16]} 16. Qa4+ {[%emt 0:19:53]} b5 {[%emt 0:02:33]} 17. Qa6 {[%emt 0:00:17]} Qxd4+ {[%emt 0:01:06]} 18. Kh1 {[%emt 0:00:04]} Qb6 {[%emt 0:00:48]} 19. Rc8+ {[%emt 0:00:13]} Ke7 20. Qxb6 {[%emt 0:10:30]} axb6 {[%emt 0:00:35]} 21. Rc7+ {[%emt 0:00:53]} Kd6 {[%emt 0:01:34]} 22. Rxf7 {[%emt 0:01:19]} Nxe4 {[%emt 0:00:18]} 23. Be3 {[%emt 0:02:00]} b4 {[%emt 0:01:55]} 24. Rb1 {[%emt 0:04:56]} Rhf8 {[%emt 0:00:59]} 25. Rb7 {[%emt 0:01:45]} Ra6 {[%emt 0:00:43]} 26. g3 {[%emt 0:02:03]} Nc3 {[%emt 0:00:42]} 27. Rxb4 {[%emt 0:00:16]} Nd5 {[%emt 0:00:00]} 28. Rb3 {[%emt 0:00:46]} Rf3 {[%emt 0:00:13]} 29. Bc5+ {[%emt 0:02:07]} Kc6 {[%emt 0:00:56]} 30. Rxf3 {[%emt 0:00:26]} Kxb7 {[%emt 0:00:01]} 31. Bf2 {[%emt 0:00:07]} Nf6 {[%emt 0:00:26]} 32. Kg2 {[%emt 0:00:52]} e4 {[%emt 0:00:12]} 33. Rb3 {[%emt 0:00:16]} Kc6 {[%emt 0:00:17]} 34. Rc3+ {[%emt 0:00:09]} Kd5 {[%emt 0:00:43]} 35. Rb3 {[%emt 0:00:08]} Kc4 {[%emt 0:01:01]} 36. Rxb6 {[%emt 0:00:10]} Rxb6 {[%emt 0:00:01]} 37. Bxb6 {[%emt 0:00:09]} Kd3 {[%emt 0:00:03]} 38. h3 {[%emt 0:00:36]} Ke2 {[%emt 0:00:36]} 39. Bd4 {[%emt 0:00:23]} e3 {[%emt 0:00:33]} 40. g4 {[%emt 0:00:20]} Kd2 {[%emt 0:00:21]} 41. Kf3 {[%emt 0:30:30]} e2 {[%emt 0:30:05]} 42. Bf2 {[%emt 0:00:03]} e1=Q {[%emt 0:00:13]} 43. Bxe1+ {[%emt 0:00:03]} Kxe1 {[%emt 0:00:08]} 44. h4 {[%emt 0:00:52]} Kf1 {[%emt 0:01:12]} 45. h5 {[%emt 0:00:31]} h6 {[%emt 0:02:17]} 46. Kf4 {[%emt 0:00:26]} Kg2 {[%emt 0:00:35]} 47. g5 {[%emt 0:00:39]} Ng8 {[%emt 0:00:47]} 48. gxh6 {[%emt 0:02:18]} gxh6 {[%emt 0:00:22]} 49. Kg4 {[%emt 0:00:17]} Ne7 {[%emt 0:00:19]} 50. Kh4 {[%emt 0:00:48]} Kf3 {[%emt 0:00:05]} 51. Kh3 {[%emt 0:00:07]} Kf4 {[%emt 0:00:03]} 52. Kh4 {[%emt 0:00:04]} Kf5 {[%emt 0:00:10]} 0-1

[Event "ESP-chT Div I 2018"]
[Site "Linares"]
[Date "2018.08.10"]
[Round "5"]
[White "Van Wely, Loek"]
[Black "Barbot, Pierre"]
[Result "1/2-1/2"]
[WhiteElo "2650"]
[BlackElo "2420"]
[Annotator "TA"]
[PlyCount "158"]
[EventDate "2018.08.06"]
[EventType "team-tourn"]
[EventCountry "ESP"]
[SourceTitle "playchess.com"]
[Source "ChessBase"]
[SourceQuality "1"]

{[%evp 16,158,0,0,27,-7,-8,-1,0,-22,-15,-26,-14,-35,-28,-28,-28,-35,-36,-36,-25,-29,-16,-27,-3,-10,0,-1,2,-12,-9,-14,-17,-16,-21,-21,-20,-40,-2,-41,-3,-16,-9,-15,0,0,7,0,130,0,24,0,0,0,0,0,27,17,210,207,315,328,309,301,331,313,314,296,255,252,404,406,402,406,389,348,338,160,150,147,1531,936,750,720,741,0,0,0,0,0,0,0,0,0,0,0,0,0,0,0,0,0,0,0,0,0,0,0,0,0,0,0,0,0,0,0,0,-352,0,0,0,0,0,0,0,0,0,0,0,0,0,0,0,0,0,0,0,0,0,0,0,0,0,0,0]} 1. Nf3 Nf6 2. c4 e6 3. g3 d5 4. d4 Bb4+ 5. Bd2 Be7 6. Bg2 O-O 7. O-O c6 8. Na3 {E11: Damenindisch (Bogoljubow-Variante)} (8. Qb3 b6 9. Ne5 Ba6 10. Bc3 Nfd7 11. Nd2 Nxe5 12. dxe5 Nd7 13. a4 Bc5 14. Qc2 d4 15. b4 dxc3 16. Qxc3 Bxb4 17. Qxb4 Nxe5 {½-½ (41) Fedoseev,V (2706)-Gelfand,B (2695) Poikovsky 2018}) 8... Nbd7 9. Rc1 {LiveBook: 13 Partien} b6 10. Bf4 {Weiß hat minimalen Vorteil.} Bb7 11. cxd5 exd5 $146 12. Ne5 Nxe5 13. Bxe5 Re8 14. Qa4 Nd7 {[%cal Bf6d7,Bd7f8,Bf8e6][%mdl 32]} 15. Bf4 Nf8 16. Rfd1 Ne6 17. Be3 $1 Bd6 18. Nc2 a5 19. Ne1 b5 20. Qc2 Qb6 21. Nf3 Rac8 {[%cal Ba8c8,Bc8c7,Bc7a7,Ba7a3][%mdl 32]} 22. Qd3 b4 23. h4 Ba6 24. Qd2 a4 25. b3 Bb5 26. Bh3 Rc7 27. h5 Ra7 28. Bf5 axb3 29. axb3 Ra3 30. Qc2 Nf8 31. Kg2 Rea8 {[#]} (31... h6 $11 {bleibt in der Remisbreite.}) 32. Rd2 (32. Ng5 $1 $16 g6 33. Bd3) 32... Ra1 33. Rxa1 Rxa1 34. Bd3 Bxd3 35. Qxd3 Qa6 36. Qf5 Qa3 $2 (36... Qb7 $11 {und Schwarz muss sich keine Sorgen machen.}) 37. Rc2 $18 Qxb3 (37... Qa8 $142 38. h6 Ne6) 38. Ng5 f6 {Droht stark ...Db1.} 39. Rxc6 fxg5 40. Rxd6 {Droht Matt per Td8.} Qd1 {[%csl Ga1][%cal Rd1h1]} 41. Qxd5+ Kh8 {[%csl Ga1][%cal Rd1h1]} 42. Kf3 $40 {[%mdl 128] Schwarz ist in Schwierigkeiten.} g6 $2 (42... b3) 43. Qxg5 Qh1+ 44. Kf4 Ra7 {...Tf7+ ist eine echte Drohung.} 45. Rf6 ({Schlechter ist} 45. Qf6+ Kg8 $11) 45... Kg8 46. f3 (46. hxg6 Nxg6+ 47. Rxg6+ hxg6 $16) (46. Qc5 $18 {[%csl Gf6][%cal Rc5f8] und Weiss behält klar die Oberhand.} Rf7 47. Qc4) 46... Re7 $16 47. d5 {[%cal Bd4d5,Bd5d6][%mdl 32]} b3 $2 {[%mdl 8192]} (47... Qa1 $16 48. hxg6 hxg6) 48. hxg6 hxg6 49. d6 Rxe3 50. Rxf8+ $2 (50. Qd5+ $18 Re6 51. Rxe6 Qh6+ 52. Ke4 Nxe6 53. Qxe6+ Kh7 54. Qe7+ Qg7 55. Kd3) 50... Kxf8 $11 51. Qf6+ Ke8 52. Kxe3 {[%csl Gd6][%cal Rf6e7][%mdl 4096] Endspiel KD-KD} Qc1+ 53. Kf2 {[%csl Gd6][%cal Rf6e7]} Qc5+ 54. Kf1 {[%csl Gd6][%cal Rf6e7]} Qc1+ 55. Kf2 $1 {[%csl Gd6][%cal Rf6e7]} Qc5+ 56. Kg2 {[%csl Gd6][%cal Rf6e7]} Qe3 57. Qxg6+ Kd7 58. g4 Qxe2+ 59. Kg3 {zielt auf Df7+ ab.} b2 {Weiss muss nun ...De1+ beachten.} 60. Qg7+ $1 Kxd6 {( -> ...De5+)} 61. Qd4+ Kc6 62. Qc3+ $1 Kb6 (62... Kb5 $5 63. Qb3+ $8 Kc6 64. Qc3+ Kb5 65. Qb3+ Kc6 66. Qc3+ $11) 63. Qb4+ Qb5 64. Qd6+ $1 Kb7 65. Qe7+ Kc8 66. Qf8+ $2 {[%mdl 8192] [#]} (66. Qe6+ $1 $11 {und Weiss steht sicher.} Kc7 67. Qe7+ Qd7 68. Qc5+ Qc6 69. Qe7+ Kb6 70. Qe3+ Kc7 71. Qe7+ Kb6 72. Qb4+ Qb5 73. Qd6+ Kb7 74. Qe7+ Kc6 75. Qe8+ Kb6 76. Qe6+ Kc7 77. Qe7+ Kc8 78. Qe6+ Kc7) 66... Kc7 $2 (66... Kd7 $1 $19 67. Qf7+ Kd6 68. Qf6+ Kd5 69. Qf5+ Kc4 70. Qc2+ Kd4 71. Qd2+ Kc5 72. Qc2+ Kd4 73. Qd2+ Kc5 74. Qc3+ Kd6 75. Qf6+ Kd5 76. Qf5+ Kc4 77. Qc2+ Kd4) 67. Qe7+ $1 {Die Stellung ist ausgeglichen.} Qd7 68. Qc5+ $1 Qc6 69. Qe7+ Kc8 70. Qf8+ Kb7 71. Qb4+ Qb6 72. Qe4+ Kc8 73. Qe8+ Kc7 (73... Kb7 $5 74. Qe4+ $8 Kc8 75. Qe8+ Kb7 76. Qe4+ $11) 74. Qe7+ Kc6 (74... Kc8 $5 75. Qe8+ $8 Kb7 76. Qe4+ Kc7 77. Qe7+ Kc8 78. Qe8+ $11) 75. Qe6+ Kb5 76. Qb3+ $1 Ka6 77. Qa4+ Kb7 78. Qe4+ Kc8 79. Qe8+ Kc7 {Precision: Weiß = 71%, Schwarz = 37%.} (79... Kb7 $5 80. Qe4+ $8 $11) 1/2-1/2

[Event "ESP-chT Div I 2018"]
[Site "Linares"]
[Date "2018.08.10"]
[Round "5"]
[White "Vazquez Igarza, Renier"]
[Black "Plazuelo Pascual, Juan"]
[Result "1/2-1/2"]
[WhiteElo "2577"]
[BlackElo "2429"]
[Annotator "ChessBase"]
[PlyCount "57"]
[EventDate "2018.08.06"]
[EventType "team-tourn"]
[EventCountry "ESP"]
[SourceTitle "playchess.com"]
[Source "ChessBase"]
[SourceQuality "1"]
[TimeControl "40/5400+30:1800+30"]

1. d4 {[%emt 0:00:00]} Nf6 {[%emt 0:00:00]} 2. c4 {[%emt 0:00:00]} b6 {[%emt 0:00:00]} 3. f3 {[%emt 0:01:23]} Bb7 {[%emt 0:00:11]} 4. e4 {[%emt 0:00:56]} e6 {[%emt 0:00:07]} 5. Nc3 {[%emt 0:02:03]} Be7 {[%emt 0:00:14]} 6. Be3 {[%emt 0:01:04]} O-O {[%emt 0:00:40]} 7. Qd2 {[%emt 0:01:25]} d5 {[%emt 0:06:47]} 8. cxd5 {[%emt 0:01:40]} exd5 {[%emt 0:00:08]} 9. e5 {[%emt 0:00:09]} Ne8 {[%emt 0:01:27]} 10. f4 {[%emt 0:00:32]} c5 {[%emt 0:08:36]} 11. Nf3 {[%emt 0:00:25]} f5 {[%emt 0:09:31]} 12. Bd3 {[%emt 0:20:05]} Nc7 {[%emt 0:06:16]} 13. Bc2 {[%emt 0:06:17]} Nba6 {[%emt 0:19:56]} 14. Rd1 {[%emt 0:01:22]} Qd7 {[%emt 0:02:36]} 15. O-O {[%emt 0:01:47]} Rad8 {[%emt 0:00:22]} 16. a3 {[%emt 0:08:18]} Qc8 {[%emt 0:07:29]} 17. Bb3 {[%emt 0:09:28]} Qa8 {[%emt 0:01:25]} 18. Ba2 {[%emt 0:06:09]} Kh8 {[%emt 0:00:30]} 19. Qf2 {[%emt 0:03:40]} Ne6 {[%emt 0:02:30]} 20. Kh1 {[%emt 0:00:50]} Nac7 {[%emt 0:07:10]} 21. Rd2 {[%emt 0:07:01]} Bc6 {[%emt 0:06:05]} 22. h3 {[%emt 0:04:17]} g6 {[%emt 0:04:21]} 23. Kh2 {[%emt 0:01:15]} Qb7 {[%emt 0:01:04]} 24. Rfd1 {[%emt 0:03:39]} a6 {[%emt 0:02:39]} 25. Bb1 {[%emt 0:01:38]} Rf7 {[%emt 0:00:52]} 26. Ba2 {[%emt 0:01:11]} Rff8 {[%emt 0:00:04]} 27. Bb1 {[%emt 0:00:05]} Rf7 {[%emt 0:00:08]} 28. Ba2 {[%emt 0:02:11]} Rff8 {[%emt 0:01:50]} 29. Bb1 1/2-1/2